Pierre Bourdieu: razones y lecciones de una práctica sociológica. Del estructuralismo genético a la sociología reflexiva
Guardat en:
| Autor principal: | |
|---|---|
| Format: | Llibre |
| Idioma: | espanyol |
| Publicat: |
Buenos Aires
Manantial
2007
|
| Edició: | 1a. ed |
| Matèries: | |
| Etiquetes: |
Afegir etiqueta
Sense etiquetes, Sigues el primer a etiquetar aquest registre!
|
MARC
| LEADER | 00000cam a2200000 a 4500 | ||
|---|---|---|---|
| 001 | UCH7571 | ||
| 003 | CL-VaPUC | ||
| 008 | 091119e20070000AG |||||||||||||||||spa|d | ||
| 020 | |a 9789875001008 | ||
| 082 | 0 | 4 | |a 301 |b MAR |2 21 |
| 100 | |a Martínez, Ana Teresa |e autora |9 543969 | ||
| 245 | 1 | 0 | |a Pierre Bourdieu: razones y lecciones de una práctica sociológica. Del estructuralismo genético a la sociología reflexiva |
| 250 | |a 1a. ed | ||
| 300 | |a 360 p | ||
| 942 | |c BK | ||
| 945 | |d 20091119 00:00:00 |a rbrito | ||
| 260 | |a Buenos Aires |b Manantial |c 2007 | ||
| 600 | 0 | 7 | |a BOURDIEU, PIERRE |2 CL-VaPUC |9 308635 |
| 650 | 0 | |a Sociología |9 255410 | |
| 583 | |a last modification |c 20121105 09:15:23 |k Rodrigo Vera | ||
| 999 | |c 338088 |d 338086 | ||
| 952 | |0 0 |1 0 |4 0 |6 301_000000000000000_MAR_2007 |7 0 |8 A |9 430903 |a BIBEDU |b BIBEDU |d 2019-11-22 |i 4619811 |l 1 |o 301 MAR 2007 |p 4619811 |r 2024-04-05 |s 2024-03-26 |w 2019-11-22 |y BK |k PSI | ||
| 952 | |0 0 |1 0 |4 0 |6 301_000000000000000_MAR_2007 |7 0 |8 A |9 430904 |a BIBGIM |b BIBGIM |d 2019-11-22 |i 492150K |o 301 MAR 2007 |p 492150K |r 2025-01-15 |w 2019-11-22 |y BK |k SSL | ||